| 000 | 02461nam a2200421 c 4500 | ||
|---|---|---|---|
| 999 |
_c159540 _d159540 |
||
| 003 | BLK | ||
| 005 | 20221212160045.0 | ||
| 008 | 180410b bul|||||r ||||||| ||bul|| | ||
| 010 | _aKNG00166711000 | ||
| 040 | _aBLK | ||
| 041 |
_aBUL _cBUL |
||
| 072 | 7 |
_2bullib _aК _xКраезнание |
|
| 080 |
_aИкономическо положение. Икономическа политика. Управление. Планиране. Производство. Услуги. Цени _b338 _x(497.2) _z338(497.2) |
||
| 080 |
_aВътрешно корабоплаване. Речно корабоплаване - Речни пристанища и др. _b656.62 _x(497.2) _z656.62(497.2) |
||
| 100 | 1 |
_aЧолаков, Станчо _eпърви автор _9334527 |
|
| 139 |
_aРазвитие и използване на Националния комплекс "Дунав" _bР 20 |
||
| 245 | 1 | 0 |
_aРазвитие и използване на Националния комплекс "Дунав" _bСъстояние, проблеми, персперктиви : Изследване _cСтанчо Чолаков; състав. и науч. ред. Кръстю Папазов. |
| 257 | _aBGR | ||
| 260 |
_aВарна _bГеорги Бакалов _c1981 |
||
| 300 |
_a152 с. _bс табл. _c20 см |
||
| 380 | _a3 | ||
| 500 | _aДруги авт.: Ст. Цанков, Щ. Райнов, Й. Стефанов, М. Деведжиев, Ат. Атанасов, Кр. Папазов, Н. Янков, Л. Ботев, А. Димитров, М. Минев. - 3 130 тир. - Библиогр. под линия. - Рез. на рус., нем., англ., фр. ез. | ||
| 650 | 4 |
_aДунав - социално, екологично и икономическо значение _9313145 |
|
| 650 | 4 |
_aТранспорт, речен - България - управление и организация _9305569 |
|
| 650 | 4 |
_aПристанища - България _9294768 |
|
| 651 | 4 |
_aБългария _9241624 |
|
| 651 | 4 |
_aДунав _9178849 |
|
| 653 | _aводен транспорт | ||
| 653 | _aпристанища | ||
| 653 | _aрека Дунав | ||
| 659 | _aК | ||
| 700 | 1 |
_aПапазов, Кръстю _eсъстав. и науч. ред. _9381558 |
|
| 852 | _aЦб 110090 | ||
| 852 | _aК 338/Р 20 | ||
| 856 | 4 |
_qpdf _i0.00 _ldisable |
|
| 856 | 4 |
_qpdf _i0.00 _ldisable |
|
| 942 |
_cKNG _n0 _s1 |
||
| 944 |
_aCR _c30.10.2014 _l30.10.2014 - от С1,Р / 30.10.2014 _kВаля_Йорданова |
||
| 944 |
_aED _c03.11.2014 _l30.10.2014 - от С1,Р / 30.10.2014 |
||
| 999 | _d159540 | ||
| 999 | _d159540 | ||